Statistiques concernant Préfectures et sous-préfectures commençant par la lettre B

Cliquez ici pour prendre le quiz!

Statistiques générales

  • Ce quiz a été pris 48 fois
  • Le résultat moyen est 16 sur 34

Statistiques - réponses

Réponses% Correct
Besançon
83%
Bordeaux
83%
Brest
83%
Bayonne
76%
Bourg-en-Bresse
76%
Brive-la-Gaillarde
76%
Bourges
74%
Bastia
69%
Béziers
69%
Beauvais
62%
Blois
62%
Boulogne-sur-Mer
60%
Bar-le-Duc
52%
Belfort
52%
Boulogne-Billancourt
52%
Briançon
52%
Bayeux
50%
Béthune
50%
Beaune
45%
Bergerac
45%
Bobigny
45%
Basse-Terre
33%
Brignoles
31%
Blaye
29%
Le {Blanc}
29%
Barcelonnette
26%
Bressuire
24%
Brioude
21%
Bagnères-de-Bigorre
19%
Belley
19%
Bernay
19%
Bonneville
19%
Bar-sur-Aube
17%
Bellac
12%

Distribution des résultats

Percentile par nombre de réponses

% des personnes avec chaque résultat

Votre développement - résultats

Vous n’avez pas pris ce quiz